| 000 | 00355nam a2200133Ia 4500 | ||
|---|---|---|---|
| 008 | 240624s9999 xx 000 0 und d | ||
| 041 | _aeng | ||
| 082 | _a320.95496 LAW | ||
| 100 | _aLAWOTI MAHENDRA | ||
| 245 | _aCONTENTIOUS POLITICS AND DEMOCRATIZATION | ||
| 260 |
_c2007 _aNew Delhi _bSage Publications |
||
| 300 | _a348 : p. : cm. ; 25 | ||
| 365 |
_cRS _b30 |
||
| 999 |
_c7346 _d7346 |
||